000 01236nam0a2200289 4500
001 RU\NLR\ONL1\20115
005 20260406072248.0
035 _a(NLR Aleph) 010205839
090 _a10251298
_c10251298
100 _a20120725d1931 m y0rusy50 ca
101 0 _akom
_arus
102 _aRU
105 _ay |||||||||
200 1 _aРусско-зырянский словарь
_dРоча-комiа кылчукöр
_eсоставлен по рукописному словарю Н. П. Попова
_fГ. С. Лыткин
210 _aЛенинград
_cИзд-во АН СССР
_d1931
215 _a[2],VI,360 с.
_d24
606 0 _aРусско - коми - зырянские словари
_92175213
_3RU\NLR\auth-onl\668
686 1 _aШ166.421-49
686 1 _aШ141.12-49
700 1 _4070
_8rus
_7ca
_aЛыткин
_bГ. С.
_cкоми писатель
_f1835-1907
_gГеоргий Степанович
_3RU\NLR\auth-onl\7756
_9130116
702 1 _4100
_8rus
_7ca
_cкоми писатель
_aПопов
_bН. П.
_f1901-1971
_gНиколай Павлович
_3RU\NLR\auth-onl\7761
_9130121
801 0 _aRU
_bNLR
_c20120725
_gPSBO
852 _aNLR
_bОНЛ
_jКоми-з./3-2655
899 _aНБ
942 _cBOOK
980 _aNB